000 01438nam a2200253Ia 4500
003 Ost
005 20260507075656.0
008 260507s9999||||xx |||||||||||||| ||und||
040 _cfsecg
041 _aara
082 _a307.1
100 _aالطراح، علي
_eمؤلف
245 0 _aالتنمية البشرية في المجتمعات النامية والمتحولة :
_bدراسات في آثار العولمة والتحولات العالمية /
_c علي الطراح
260 _aبيروت:
_bدار النهضة العربية,
_c2004
300 _a322 صفحة؛
_bإيضاحات ؛
_c24 سم
504 _aالمراجع ص.311
520 _aالأبعاد العشرة للتنمية والرأس المال البشري، ادارة التنمية: نحو فهم جديد في ظل العولمة والتحولات العالمية، هيمنة الدولة، استدامة المجتمع النفطي: المثال الكويتي، النزعة الاستعمارية والتنمية والبيئة، الاستعمار والعرق والتنمية، العولمة والتنمي الصحية، آفات جديدة وتحديات تنموية قديمة.
653 _aالتنمية البشرية
653 _aالسياسة السكانية
653 _aالموارد البشرية
653 _aرأس المال
700 _aسنو، غسان
_eمؤلف ثانوي
942 _cكتاب
999 _c45691
_d45691